[Event "SV Weidenau/Geisweid 1 - Oberhausener S"]
[Site "NRW-Klasse - Gruppe 1 2018/20"]
[Date "2019.05.12"]
[Round "9.7"]
[White "Voge, Andreas"]
[Black "Dueber, Olaf"]
[Result "1/2-1/2"]
[WhiteElo "2026"]
[BlackElo "1931"]
[PlyCount "110"]
[EventDate "2019.??.??"]
[WhiteTeam "Oberhausener SV 1"]
[BlackTeam "SV Weidenau/Geisweid 1"]

1. e4 e5 2. Nf3 Nc6 3. d4 exd4 4. Bc4 Nf6 5. e5 d5 6. Bb5 Ne4 7. Nxd4 Bd7 8.
Nxc6 bxc6 9. Bd3 Qh4 10. O-O Bc5 11. Bxe4 dxe4 12. Qe2 O-O 13. Nc3 Rfe8 14. g3
Qg4 15. Qxe4 Qxe4 16. Nxe4 Bd4 17. Rd1 c5 18. Nxc5 Bxc5 19. Rxd7 Rxe5 20. Be3
Bxe3 21. fxe3 Rc5 22. Rad1 Kf8 23. Rf1 f6 24. c3 a5 25. Rfd1 a4 26. R1d3 Rb8
27. Rd8+ Rxd8 28. Rxd8+ Ke7 29. Ra8 Rc4 30. Ra6 h5 31. Kf2 h4 32. Kf3 f5 33.
Ke2 hxg3 34. hxg3 Rg4 35. Kd3 g5 36. Rc6 Rxg3 37. Kd4 Rg4+ 38. Ke5 Re4+ 39.
Kxf5 Rxe3 40. Rxc7+ Kd6 41. Ra7 Re5+ 42. Kg4 Rb5 43. Rxa4 Rxb2 44. Kxg5 Kc5 45.
Ra8 Rc2 46. a4 Ra2 47. Kf4 Re2 48. Rc8+ Kb6 49. Rc4 Ka5 50. Re4 Rc2 51. Re3
Kxa4 52. Ke5 Kb5 53. Kd4 Rd2+ 54. Rd3 Rxd3+ 55. Kxd3 Kc5 1/2-1/2

[Event "SV Weidenau/Geisweid 1 - Oberhausener S"]
[Site "NRW-Klasse - Gruppe 1 2018/20"]
[Date "2019.05.12"]
[Round "9.8"]
[White "Piskorz, Andreas"]
[Black "Joergens, Markus"]
[Result "0-1"]
[WhiteElo "1893"]
[BlackElo "1993"]
[PlyCount "90"]
[EventDate "2019.??.??"]
[WhiteTeam "SV Weidenau/Geisweid 1"]
[BlackTeam "Oberhausener SV 1"]

1. Nf3 d5 2. b3 Bg4 3. e3 Nf6 4. Bb2 e6 5. Be2 Bd6 6. O-O Nbd7 7. c4 c6 8. Nc3
O-O 9. cxd5 exd5 10. Nd4 Bxe2 11. Qxe2 Re8 12. f4 Bf8 13. Rf3 c5 14. Nf5 d4 15.
Rg3 g6 16. Nb5 Ne4 17. Rh3 gxf5 18. g4 Bg7 19. gxf5 d3 20. Qg2 Ndf6 21. Kh1 Kh8
22. Nc3 Nxc3 23. Bxc3 Qd5 24. Rg1 Rg8 25. Rf3 h6 26. h3 Kh7 27. Rg3 Qxg2+ 28.
R3xg2 Bh8 29. Bxf6 Rxg2 30. Kxg2 Bxf6 31. Kf3 b5 32. Rc1 Rc8 33. e4 Bd4 34. e5
c4 35. bxc4 bxc4 36. Ke4 Bb2 37. Rg1 Rd8 38. f6 c3 39. dxc3 d2 40. Rd1 Bxc3 41.
Kf5 a5 42. h4 Rd7 43. h5 a4 44. e6 Rd5+ 45. Ke4 fxe6 0-1

[Event "SF Lieme 1 - Schach Nienberge 1"]
[Site "NRW-Klasse - Gruppe 1 2018/20"]
[Date "2019.05.12"]
[Round "9.1"]
[White "Remmeke, Hans"]
[Black "Niermann, Tristan"]
[Result "0-1"]
[WhiteElo "2133"]
[BlackElo "2251"]
[PlyCount "44"]
[EventDate "2019.??.??"]
[WhiteTeam "Schach Nienberge 1"]
[BlackTeam "SF Lieme 1"]

1. e4 e5 2. Nf3 Nc6 3. d4 exd4 4. Nxd4 Nf6 5. Nxc6 bxc6 6. e5 Qe7 7. Qe2 Nd5 8.
h4 a5 9. c4 Ba6 10. Rh3 Qb4+ 11. Kd1 O-O-O 12. Kc2 Re8 13. a3 Qc5 14. f4 f6 15.
Rf3 fxe5 16. fxe5 Nb6 17. Be3 Qxe5 18. Nd2 g6 19. Bd4 Qxe2 20. Bxe2 Rxe2 21.
Bxh8 Bh6 22. Bc3 Nxc4 {ZÜ} 0-1

[Event "SF Lieme 1 - Schach Nienberge 1"]
[Site "NRW-Klasse - Gruppe 1 2018/20"]
[Date "2019.05.12"]
[Round "9.2"]
[White "Wittke, Rene"]
[Black "Gottkehaskamp, Philipp"]
[Result "1-0"]
[WhiteElo "2214"]
[BlackElo "2029"]
[PlyCount "43"]
[EventDate "2019.??.??"]
[WhiteTeam "SF Lieme 1"]
[BlackTeam "Schach Nienberge 1"]

1. Nf3 d5 2. c4 d4 3. e3 c5 4. exd4 cxd4 5. d3 Nc6 6. g3 e5 7. Bg2 Qa5+ 8. Nbd2
Nf6 9. O-O Bd6 10. a3 Qd8 11. b4 O-O 12. Re1 Nd7 13. c5 Bc7 14. Nc4 f6 15. Nh4
Ne7 16. Nd6 Bxd6 17. cxd6 Ng6 18. Bd5+ Rf7 19. Nxg6 hxg6 20. Qb3 Qe8 21. f4 Kf8
22. Bb2 1-0

[Event "SF Lieme 1 - Schach Nienberge 1"]
[Site "NRW-Klasse - Gruppe 1 2018/20"]
[Date "2019.05.12"]
[Round "9.4"]
[White "Essing, Arnold"]
[Black "Gottkehaskamp, Stefan"]
[Result "1/2-1/2"]
[WhiteElo "2165"]
[BlackElo "1998"]
[PlyCount "78"]
[EventDate "2019.??.??"]
[WhiteTeam "SF Lieme 1"]
[BlackTeam "Schach Nienberge 1"]

1. d4 Nf6 2. Nf3 g6 3. c4 Bg7 4. Nc3 O-O 5. e4 d6 6. Be2 c6 7. O-O Qc7 8. Bf4
Nh5 9. Be3 e5 10. g3 Bg4 11. d5 c5 12. Nh4 Bxe2 13. Qxe2 Na6 14. a3 Qe7 15. Nf5
Qd7 16. Nxg7 Nxg7 17. f4 f6 18. f5 g5 19. h4 gxh4 20. gxh4 Kh8 21. Kh2 Nc7 22.
Rg1 Qf7 23. Rg2 Rg8 24. Rag1 Nh5 25. Rxg8+ Rxg8 26. Rxg8+ Kxg8 27. b4 b6 28.
Bh6 Kh8 29. bxc5 bxc5 30. Qb2 Ne8 31. Qb8 Nf4 32. Bxf4 exf4 33. Ne2 Qh5 34.
Nxf4 Qxh4+ 35. Nh3 Qxe4 36. Qxa7 h5 37. Qf7 Qe5+ 38. Kg2 Ng7 39. Qg6 Qe4+
1/2-1/2

[Event "SF Lieme 1 - Schach Nienberge 1"]
[Site "NRW-Klasse - Gruppe 1 2018/20"]
[Date "2019.05.12"]
[Round "9.5"]
[White "Kemper, Georg"]
[Black "Schaffarczyk, Andre"]
[Result "1-0"]
[WhiteElo "1971"]
[BlackElo "2081"]
[PlyCount "71"]
[EventDate "2019.??.??"]
[WhiteTeam "Schach Nienberge 1"]
[BlackTeam "SF Lieme 1"]

1. d4 d5 2. c4 e6 3. Nf3 Nf6 4. g3 Bb4+ 5. Bd2 Bd6 6. Bg2 O-O 7. Qc2 c6 8. O-O
Ne4 9. Bf4 Bxf4 10. gxf4 Nd7 11. Ne5 Nd6 12. Nd2 f6 13. Nd3 f5 14. e3 Nf6 15.
c5 Nf7 16. Nf3 Bd7 17. b4 Kh8 18. Nde5 Be8 19. a4 Ne4 20. Rfb1 g5 21. Nxf7+
Bxf7 22. fxg5 Nxg5 23. Ne5 Bh5 24. f4 Ne4 25. Bxe4 fxe4 26. Qf2 Qc7 27. h3 Rf5
28. Kh2 Raf8 29. Rg1 b6 30. cxb6 axb6 31. Rac1 Rxe5 32. dxe5 c5 33. Rg5 Bf3 34.
Qg3 c4 35. Rg1 Qd8 36. Rg7 1-0

[Event "SF Lieme 1 - Schach Nienberge 1"]
[Site "NRW-Klasse - Gruppe 1 2018/20"]
[Date "2019.05.12"]
[Round "9.6"]
[White "Stork, Holger"]
[Black "Haas, Kai"]
[Result "1/2-1/2"]
[WhiteElo "2055"]
[BlackElo "1931"]
[PlyCount "49"]
[EventDate "2019.??.??"]
[WhiteTeam "SF Lieme 1"]
[BlackTeam "Schach Nienberge 1"]

1. e4 d5 2. exd5 Nf6 3. Bb5+ Nbd7 4. d4 a6 5. Bd3 b5 6. Nf3 Nb6 7. O-O Nbxd5 8.
a4 b4 9. Nbd2 e6 10. Nb3 c6 11. Ne5 Qc7 12. Qe2 Bd6 13. Bd2 O-O 14. Rae1 c5 15.
dxc5 Bxc5 16. Nxc5 Qxc5 17. b3 a5 18. Kh1 Bb7 19. f4 Nc3 20. Bxc3 Qxc3 21. Nc4
Qd4 22. Qe5 Qd5 23. Qe2 Qd4 24. Qe5 Qd5 25. Qe2 1/2-1/2

[Event "SF Lieme 1 - Schach Nienberge 1"]
[Site "NRW-Klasse - Gruppe 1 2018/20"]
[Date "2019.05.12"]
[Round "9.7"]
[White "Keller, Dirk"]
[Black "Schulte, Oliver"]
[Result "0-1"]
[WhiteElo "1892"]
[BlackElo "2059"]
[PlyCount "52"]
[EventDate "2019.??.??"]
[WhiteTeam "Schach Nienberge 1"]
[BlackTeam "SF Lieme 1"]

1. Nf3 Nf6 2. d4 e6 3. g3 d5 4. Bg2 Be7 5. c4 c6 6. O-O Nbd7 7. b3 b6 8. Bb2
O-O 9. Ne5 Nxe5 10. dxe5 Nd7 11. Nd2 Ba6 12. Qc2 Rc8 13. Rfe1 Qc7 14. f4 Bb4
15. Rac1 dxc4 16. bxc4 Rfd8 17. a3 Bf8 18. Ne4 Nc5 19. Ng5 g6 20. Ne4 Nxe4 21.
Bxe4 Rd7 22. Rcd1 Rcd8 23. Rd3 b5 24. c5 Rxd3 25. exd3 Qa5 26. d4 Qxe1+ 0-1

[Event "SF Lieme 1 - Schach Nienberge 1"]
[Site "NRW-Klasse - Gruppe 1 2018/20"]
[Date "2019.05.12"]
[Round "9.8"]
[White "Hueck, Marvin Constantin"]
[Black "Vanoni, Werner"]
[Result "1-0"]
[WhiteElo "1601"]
[BlackElo "1558"]
[PlyCount "75"]
[EventDate "2019.??.??"]
[WhiteTeam "SF Lieme 1"]
[BlackTeam "Schach Nienberge 1"]

1. Nf3 e6 2. c4 d5 3. g3 Nf6 4. Bg2 Nbd7 5. cxd5 exd5 6. d4 Bb4+ 7. Nbd2 c6 8.
O-O O-O 9. a3 Bd6 10. Qc2 Re8 11. Re1 h6 12. b3 Nf8 13. Bb2 Bg4 14. Ne5 Qc8 15.
e4 dxe4 16. Nxe4 Bf5 17. Nxf6+ gxf6 18. Nd3 Qd8 19. Qc3 Nh7 20. Nc5 Qc7 21. Ne4
Bxe4 22. Bxe4 Ng5 23. Bf5 Ne6 24. d5 Be5 25. Rxe5 fxe5 26. dxe6 fxe6 27. Be4
Rad8 28. Qxe5 Qxe5 29. Bxe5 Kf7 30. Kf1 Rd2 31. Bc3 Rd7 32. Ke2 Red8 33. Bc2 b6
34. Rd1 c5 35. Rxd7+ Rxd7 36. Bd3 Ke7 37. h4 Kd6 38. Bd2 1-0